smart choice (Registro nro. 15929)
[ vista simple ]
| 000 - LÍDER | |
|---|---|
| campo de control de longitud fija | 00476nam a22001577a 4500 |
| 005 - FECHA Y HORA DE LA ÚLTIMA TRANSACCIÓN | |
| campo de control | 20210818182359.0 |
| 007 - DESCRIPCIÓN FÍSICA CAMPO FIJO - INFORMACIÓN GENERAL | |
| campo de control de longitud fija | ta |
| 008 - ELEMENTOS DE DATOS DE LONGITUD FIJA - INFORMACIÓN GENERAL | |
| campo de control de longitud fija | 200910b ||||| |||| 00| 0 eng d |
| 020 ## - INTERNATIONAL STANDARD BOOK NUMBER | |
| International Standard Book Number | 9780194602822 |
| 040 ## - FUENTE DE CATALOGACIÓN | |
| Agencia de catalogación original | cobobit |
| Agencia de transcripción | cobobit |
| 245 ## - TÍTULO DECLARACIÓN | |
| Título | smart choice |
| Resto del título | smart choice new activities for smartphones |
| 250 ## - DECLARACIÓN DE EDICIÓN | |
| Sentencia de edición | tercera edición |
| 264 ## - AVISO DE PRODUCCIÓN, PUBLICACIÓN, DISTRIBUCIÓN, FABRICACIÓN Y DERECHOS DE AUTOR | |
| Lugar de producción | Oxford University Press 2016 |
| Nombre del productor | Ken Wilson |
| Fecha de producción | 2016 |
| 942 ## - ELEMENTOS DE ENTRADA AGREGADOS (KOHA) | |
| Fuente de clasificación o esquema de estanterías | Dewey Decimal Classification |
| Edición | tercera |
| Parte de clasificación | 428 w746s |
No hay ítems disponibles.